[Event "Black Sea GP Blitz"]
[Site "Evpatoria"]
[Date "2021.10.30"]
[Round "4"]
[White "Ivanov, Maxim"]
[Black "Karaev, Seit"]
[Result "0-1"]
[WhiteElo "1749"]
[BlackElo "2280"]
[PlyCount "68"]
[EventDate "2021.10.30"]
[EventType "swiss (blitz)"]
[EventRounds "13"]
[EventCountry "UKR"]
[SourceTitle "EXT 2023"]
[Source "ChessBase"]
[SourceDate "2022.10.05"]
[SourceVersion "1"]
[SourceVersionDate "2022.10.05"]
[SourceQuality "1"]

1. f4 g6 2. Nf3 Bg7 3. g3 d6 4. Bg2 Nc6 5. 0-0 e5 6. e4 Nge7 7. Nc3 f5 8. d3 0-0 9. Be3 Nd4 10. Bxd4 exd4 11. Ne2 c5 12. c3 dxc3 13. bxc3 Bd7 14. Rc1 Bc6 15. Qb3+ d5 16. e5 b5 17. h4 h6 18. Qa3 Qb6 19. d4 b4 20. cxb4 cxb4 21. Qe3 Bb5 22. Rc5 Bc4 23. Ra1 Rac8 24. Nd2 Kh7 25. Nxc4 dxc4 26. Rxc8 Rxc8 27. Kf2 Qb5 28. d5 Nxd5 29. Bxd5 Qxd5 30. Rc1 c3 31. Nd4 Qxa2+ 32. Kg1 Qd2 33. Qe1 Qxd4+ 34. Kh2 Qd2+ 0-1

[Event "Moscow op-F 13th"]
[Site "Moscow"]
[Date "2017.01.28"]
[Round "2"]
[White "Ivanov, Maxim"]
[Black "Nasybullina, Alfia"]
[Result "0-1"]
[WhiteElo "1964"]
[BlackElo "2219"]
[PlyCount "31"]
[EventDate "2017.01.27"]
[EventType "swiss"]
[EventRounds "9"]
[EventCountry "RUS"]
[SourceTitle "CBM 176 Extra"]
[Source "ChessBase"]
[SourceDate "2017.03.02"]
[SourceVersion "1"]
[SourceVersionDate "2017.03.02"]
[SourceQuality "1"]

1. f4 d5 2. Nf3 g6 3. e3 Bg7 4. d4 Nh6 5. c4 c6 6. Nc3 0-0 7. Be2 Nf5 8. g4 Nd6 9. c5 Ne4 10. Nxe4 dxe4 11. Ng5 b6 12. cxb6 axb6 13. 0-0 Qd7 14. Qc2 Ba6 15. Bxa6 Nxa6 16. Qxe4 0-1

[Event "Borisoglebsk Bocharov Memorial"]
[Site "Borisoglebsk"]
[Date "2012.03.31"]
[Round "8"]
[White "Ivanov, Maxim"]
[Black "Kopovaya, Aleksandra"]
[Result "1-0"]
[WhiteElo "1929"]
[BlackElo "1558"]
[PlyCount "55"]
[EventDate "2012.03.29"]
[EventType "swiss"]
[EventRounds "9"]
[EventCountry "RUS"]
[SourceTitle "EXT 2013"]
[Source "ChessBase"]
[SourceDate "2012.11.22"]
[SourceVersion "1"]
[SourceVersionDate "2012.11.22"]
[SourceQuality "1"]

1. d4 d5 2. Bf4 c6 3. Nf3 Nf6 4. c3 e6 5. e3 Be7 6. Bd3 0-0 7. Nbd2 Nbd7 8. Ne5 c5 9. Bc2 cxd4 10. exd4 Nxe5 11. dxe5 Nd7 12. Qh5 g6 13. Qh6 Re8 14. Nf3 Bf8 15. Qh3 Bg7 16. Qg3 Qb6 17. 0-0-0 a5 18. h4 h5 19. Bxg6 fxg6 20. Qxg6 Rf8 21. Bh6 Rf7 22. Ng5 Nxe5 23. Qh7+ Kf8 24. Nxf7 Bxh6+ 25. Nxh6 Qd6 26. Rhe1 Ke8 27. Qh8+ Kd7 28. Qxe5 1-0

[Event "Borisoglebsk Bocharov Memorial"]
[Site "Borisoglebsk"]
[Date "2012.03.31"]
[Round "7"]
[White "Malikov, Sergey Konstantinov"]
[Black "Ivanov, Maxim"]
[Result "1-0"]
[WhiteElo "1790"]
[BlackElo "1929"]
[PlyCount "131"]
[EventDate "2012.03.29"]
[EventType "swiss"]
[EventRounds "9"]
[EventCountry "RUS"]
[SourceTitle "EXT 2013"]
[Source "ChessBase"]
[SourceDate "2012.11.22"]
[SourceVersion "1"]
[SourceVersionDate "2012.11.22"]
[SourceQuality "1"]

1. c4 e6 2. Nc3 d5 3. d4 dxc4 4. e3 c5 5. Bxc4 cxd4 6. exd4 Nf6 7. Nf3 Be7 8. 0-0 0-0 9. Qe2 Nbd7 10. Re1 Nb6 11. Bb3 Nbd5 12. Bg5 Re8 13. Rad1 h6 14. Bxf6 Nxf6 15. d5 exd5 16. Nxd5 Nxd5 17. Bxd5 Qc7 18. Ne5 Be6 19. Bxe6 fxe6 20. Qh5 Rad8 21. Qf7+ Kh7 22. Qg6+ Kg8 23. Qxe6+ Kh7 24. Rxd8 Rxd8 25. Qg6+ Kg8 26. Qf7+ Kh7 27. Ng6 Bd6 28. Qf5 Kg8 29. g3 Qf7 30. Qe4 Bc5 31. Re2 Rd1+ 32. Kg2 Rd4 33. Ne7+ Kf8 34. Qh7 Bxe7 35. Qh8+ Qg8 36. Qxg8+ Kxg8 37. Rxe7 Rb4 38. b3 Kf8 39. Rc7 a5 40. f4 b5 41. Ra7 a4 42. bxa4 Rb2+ 43. Kh3 Rxa2 44. a5 b4 45. a6 b3 46. Rb7 Rxa6 47. Rxb3 Ra2 48. Rb7 Kg8 49. g4 Kh7 50. f5 h5 51. g5 Ra3+ 52. Kh4 Rf3 53. f6 Rf4+ 54. Kxh5 Kg8 55. Rxg7+ Kf8 56. Ra7 Rf2 57. h4 Rf1 58. Kg6 Ke8 59. f7+ Kd8 60. f8Q+ Rxf8 61. Ra8+ Ke7 62. Rxf8 Kxf8 63. Kh7 Kf7 64. g6+ Kf6 65. g7 Ke7 66. g8Q 1-0

[Event "Borisoglebsk Bocharov Memorial"]
[Site "Borisoglebsk"]
[Date "2012.03.30"]
[Round "3"]
[White "Maruseva, Evgenia"]
[Black "Ivanov, Maxim"]
[Result "0-1"]
[WhiteElo "1691"]
[BlackElo "1929"]
[PlyCount "41"]
[EventDate "2012.03.29"]
[EventType "swiss"]
[EventRounds "9"]
[EventCountry "RUS"]
[SourceTitle "EXT 2013"]
[Source "ChessBase"]
[SourceDate "2012.11.22"]
[SourceVersion "1"]
[SourceVersionDate "2012.11.22"]
[SourceQuality "1"]

1. e4 d5 2. exd5 Nf6 3. d4 Nxd5 4. c4 Nb6 5. Nf3 g6 6. b3 Bg7 7. Bb2 0-0 8. Be2 c6 9. 0-0 N8d7 10. a4 a5 11. Qc2 Nf6 12. Nc3 Bf5 13. Qd2 Qc7 14. Nh4 Bd7 15. d5 cxd5 16. Nxd5 Nbxd5 17. cxd5 Ne4 18. Qc1 Qxc1 19. Raxc1 Bxb2 20. Rc7 Bf6 21. Nf3 0-1

[Event "Borisoglebsk Bocharov Memorial"]
[Site "Borisoglebsk"]
[Date "2012.03.30"]
[Round "5"]
[White "Skvortsov, Grigory"]
[Black "Ivanov, Maxim"]
[Result "1/2-1/2"]
[WhiteElo "1960"]
[BlackElo "1929"]
[PlyCount "70"]
[EventDate "2012.03.29"]
[EventType "swiss"]
[EventRounds "9"]
[EventCountry "RUS"]
[SourceTitle "EXT 2013"]
[Source "ChessBase"]
[SourceDate "2012.11.22"]
[SourceVersion "1"]
[SourceVersionDate "2012.11.22"]
[SourceQuality "1"]

1. e4 d5 2. exd5 Nf6 3. d4 Nxd5 4. c4 Nb6 5. Nc3 e5 6. Be3 exd4 7. Qxd4 Qxd4 8. Bxd4 Nc6 9. Bxb6 axb6 10. a3 Be6 11. 0-0-0 Be7 12. f4 0-0 13. Nf3 Rfd8 14. Be2 Na5 15. Nd2 Rd4 16. Nb5 Rd7 17. g4 f6 18. b4 Nc6 19. f5 Bf7 20. Nf3 Rad8 21. Rxd7 Rxd7 22. Rd1 Rxd1+ 23. Kxd1 Bd8 24. Kc2 g6 25. fxg6 Bxg6+ 26. Bd3 Kf7 27. h4 h5 28. g5 fxg5 29. hxg5 Bxd3+ 30. Kxd3 Kg6 31. Ke4 Bxg5 32. Nxc7 Be7 33. Nd5 Bd8 34. b5 Ne7 35. Nxe7+ Bxe7 1/2-1/2

[Event "RUS-ch Students"]
[Site "Belgorod"]
[Date "2009.10.12"]
[Round "8"]
[White "Cheremnova, Tamara"]
[Black "Ivanov, Maxim"]
[Result "1-0"]
[WhiteElo "2163"]
[BlackElo "1927"]
[PlyCount "55"]
[EventDate "2009.10.05"]
[EventType "swiss"]
[EventRounds "9"]
[EventCountry "RUS"]
[SourceTitle "EXT 2010"]
[Source "ChessBase"]
[SourceDate "2010.11.25"]
[SourceVersion "1"]
[SourceVersionDate "2010.11.25"]
[SourceQuality "1"]

1. d4 f5 2. g3 Nf6 3. Bg2 d5 4. c4 c6 5. Nd2 g6 6. Nh3 Bg7 7. Nf4 g5 8. Nh3 h6 9. 0-0 f4 10. Kh1 dxc4 11. Qc2 0-0 12. gxf4 Qxd4 13. fxg5 Ng4 14. Qxc4+ Qxc4 15. Nxc4 hxg5 16. Bxg5 Be6 17. Rac1 b5 18. Na5 Bxb2 19. Rc2 Be5 20. Nxc6 Nxc6 21. Rxc6 Bxa2 22. Bxe7 Nxh2 23. Rg1 Kf7 24. Bxf8 Rxf8 25. f4 Bb8 26. Kxh2 Rh8 27. Kg3 Rg8+ 28. Kf2 1-0

[Event "RUS-ch Students"]
[Site "Belgorod"]
[Date "2009.10.11"]
[Round "7"]
[White "Ivanov, Maxim"]
[Black "Rjanova, Valery"]
[Result "1-0"]
[WhiteElo "1927"]
[BlackElo "2027"]
[PlyCount "53"]
[EventDate "2009.10.05"]
[EventType "swiss"]
[EventRounds "9"]
[EventCountry "RUS"]
[SourceTitle "EXT 2010"]
[Source "ChessBase"]
[SourceDate "2010.11.25"]
[SourceVersion "1"]
[SourceVersionDate "2010.11.25"]
[SourceQuality "1"]

1. g3 g6 2. f4 Bg7 3. Nf3 c5 4. e4 Nc6 5. Bg2 e6 6. c3 d5 7. e5 d4 8. d3 f6 9. exf6 Nxf6 10. c4 0-0 11. 0-0 Ng4 12. Qe2 e5 13. Nxe5 Ncxe5 14. fxe5 Nxe5 15. Rxf8+ Qxf8 16. Bf4 Bg4 17. Qf1 Qe7 18. Nd2 Rf8 19. Re1 h6 20. Bd5+ Kh7 21. Qg2 Re8 22. Bxe5 Bxe5 23. h3 Bf5 24. Nf3 Qc7 25. Qe2 Bxh3 26. Nxe5 Bc8 27. Bf7 1-0

[Event "RUS-chB U16"]
[Site "Dagomys"]
[Date "2009.04.21"]
[Round "7"]
[White "Fedotov, Ivan"]
[Black "Ivanov, Maxim"]
[Result "1-0"]
[WhiteElo "2080"]
[BlackElo "1926"]
[PlyCount "77"]
[EventDate "2009.04.15"]
[EventType "swiss"]
[EventRounds "9"]
[EventCountry "RUS"]
[SourceTitle "EXT 2010"]
[Source "ChessBase"]
[SourceDate "2010.11.25"]
[SourceVersion "1"]
[SourceVersionDate "2010.11.25"]
[SourceQuality "1"]

1. e4 c5 2. Nf3 e6 3. d4 cxd4 4. Nxd4 a6 5. Bd3 Qc7 6. 0-0 Nc6 7. Nb3 Nf6 8. Be3 Be7 9. f4 e5 10. Nc3 d6 11. f5 b5 12. a3 Bb7 13. Qf3 0-0-0 14. Nd5 Nxd5 15. exd5 Na5 16. Nxa5 Qxa5 17. b4 Qc7 18. a4 Bf6 19. Qe4 bxa4 20. Rxa4 Kd7 21. Bxa6 Ra8 22. Rfa1 Bxa6 23. Rxa6 Rxa6 24. Rxa6 Rb8 25. Ra7 Rb7 26. Rxb7 Qxb7 27. Qc4 Bd8 28. b5 Ke7 29. Qc6 Qb8 30. c4 g6 31. c5 gxf5 32. cxd6+ Kf6 33. d7+ Kg7 34. b6 f4 35. Bc5 e4 36. Bd4+ f6 37. Qc8 Qd6 38. Qxd8 e3 39. Qxf6+ 1-0

[Event "Belgorod Elo"]
[Site "Belgorod"]
[Date "2007.06.09"]
[Round "14"]
[White "Miroshnikov, Evgenij V"]
[Black "Ivanov, Maxim"]
[Result "1-0"]
[WhiteElo "1923"]
[BlackElo "1972"]
[PlyCount "51"]
[EventDate "2007.06.01"]
[EventType "tourn"]
[EventRounds "17"]
[EventCountry "RUS"]
[SourceTitle "EXT 2009"]
[Source "ChessBase"]
[SourceDate "2008.11.26"]
[SourceVersion "1"]
[SourceVersionDate "2008.11.26"]
[SourceQuality "1"]

1. d4 f5 2. c4 Nf6 3. Nc3 g6 4. g3 Bg7 5. Bg2 0-0 6. Nf3 d6 7. 0-0 Nbd7 8. e3 e5 9. Ng5 Nb6 10. c5 dxc5 11. dxc5 Qxd1 12. Rxd1 Nc4 13. Nd5 e4 14. Nxc7 Rb8 15. Nce6 Bxe6 16. Nxe6 Rfe8 17. Nxg7 Kxg7 18. Bf1 Ne5 19. b4 Rbd8 20. Bb2 Nf3+ 21. Kg2 Rxd1 22. Rxd1 Ne5 23. a4 Kf7 24. Bxe5 Rxe5 25. Bc4+ Kg7 26. Rd6 1-0

[Event "UKR-ch U08"]
[Site "Evpatoria"]
[Date "2007.05.12"]
[Round "4"]
[White "Petukhov, Dmitry"]
[Black "Ivanov, Maxim"]
[Result "0-1"]
[WhiteElo "2338"]
[BlackElo "1923"]
[PlyCount "54"]
[EventDate "2007.05.09"]
[EventType "swiss"]
[EventRounds "9"]
[EventCountry "UKR"]
[SourceTitle "EXT 2008"]
[Source "ChessBase"]
[SourceDate "2007.11.25"]
[SourceVersion "1"]
[SourceVersionDate "2007.11.25"]
[SourceQuality "1"]

1. e4 e5 2. Qh5 Nc6 3. Qf3 Nf6 4. Nc3 Be7 5. Bb5 0-0 6. d3 a6 7. Bxc6 bxc6 8. Bg5 Rb8 9. 0-0-0 d6 10. Bxf6 Bxf6 11. Qe2 Bg5+ 12. Kb1 c5 13. Nf3 Bh6 14. g4 Bf4 15. h4 Bxg4 16. Nd5 Bh6 17. Rdg1 Qd7 18. h5 Qb5 19. b3 Be6 20. Nxc7 Qa5 21. Nxe6 fxe6 22. c4 Rb7 23. Ng5 Rfb8 24. Nxe6 Rxb3+ 25. axb3 Rxb3+ 26. Kc2 Qc3+ 27. Kd1 Rb1# 0-1

[Event "RUS-chT U18"]
[Site "Sochi"]
[Date "2007.05.03"]
[Round "?"]
[White "Eramian, Gamlet"]
[Black "Ivanov, Maxim"]
[Result "0-1"]
[WhiteElo "1917"]
[BlackElo "1923"]
[PlyCount "58"]
[EventDate "2007.05.02"]
[EventType "team-tourn"]
[EventRounds "9"]
[EventCountry "RUS"]
[SourceTitle "CBM 118 Extra"]
[Source "ChessBase"]
[SourceDate "2007.07.04"]
[SourceVersion "1"]
[SourceVersionDate "2007.07.04"]
[SourceQuality "1"]

1. d4 f5 2. Nf3 Nf6 3. c4 g6 4. g3 Bg7 5. Bg2 0-0 6. 0-0 d6 7. Nc3 Nc6 8. d5 Ne5 9. b3 Ne4 10. Nxe4 Nxf3+ 11. exf3 Bxa1 12. Bh6 Bg7 13. Bxg7 Kxg7 14. Nc3 e5 15. dxe6 Bxe6 16. f4 Qd7 17. Qd4+ Kg8 18. Nd1 d5 19. c5 Qg7 20. Qd2 Rfe8 21. Nb2 Re7 22. Nd3 Rae8 23. Ne5 Bc8 24. Qa5 a6 25. a4 Rxe5 26. fxe5 Qxe5 27. Qd2 Qe2 28. Qf4 Qc2 29. h4 Qe2 0-1

[Event "Belgorod Rector Cup-C 3rd"]
[Site "Belgorod"]
[Date "2007.03.07"]
[Round "4"]
[White "Miroshnikov, Evgenij V"]
[Black "Ivanov, Maxim"]
[Result "1/2-1/2"]
[WhiteElo "2058"]
[BlackElo "1923"]
[PlyCount "88"]
[EventDate "2007.03.04"]
[EventType "tourn"]
[EventRounds "9"]
[EventCountry "RUS"]
[SourceTitle "EXT 2010"]
[Source "ChessBase"]
[SourceDate "2010.11.25"]
[SourceVersion "1"]
[SourceVersionDate "2010.11.25"]
[SourceQuality "1"]

1. d4 d6 2. c4 Nf6 3. Nc3 g6 4. e4 Bg7 5. Be2 0-0 6. Bg5 Nbd7 7. f3 c6 8. Qd2 Re8 9. 0-0-0 Rb8 10. g4 Qc7 11. Kb1 a6 12. Bh6 Nf8 13. Bxg7 Kxg7 14. h4 b5 15. h5 Bd7 16. hxg6 fxg6 17. g5 Nh5 18. f4 Ng3 19. Rh6 b4 20. Na4 Nxe4 21. Qe3 c5 22. b3 Bxa4 23. Qxe4 Bd7 24. Qh1 Bf5+ 25. Bd3 Qd7 26. Kb2 Bxd3 27. Rxd3 Qf5 28. Qf3 cxd4 29. Rxd4 Ne6 30. Re4 Rf8 31. Qe3 Nxf4 32. Rxe7+ Rf7 33. Qd4+ Kg8 34. Rxf7 Qxf7 35. Qxd6 Qg7+ 36. Kb1 Rf8 37. Rh4 Qf7 38. Qe5 Nd3 39. Qe3 Qf5 40. Rd4 Nc5+ 41. Kc1 Ne6 42. Rd5 Qg4 43. Ne2 Rf3 44. Qd2 Rf1+ 1/2-1/2